000 00273nam a2200121Ia 4500
008 241002s9999 xx 000 0 und d
082 _a972.809 SHA
100 _aShaw Bernand
245 4 _aThe Millonairess
260 _aNew York:
_c1960
600 _aHistory
942 _cUC
999 _c18662
_d18662